• 首页
  • 本馆介绍
  • 公告通知
  • 最新文献
  • 馆藏检索
  • 电子资源
  • 读者导购
  • 参考咨询
  • 我的图书馆
  • 登录
  • 详细信息显示
  • 放入我的书架
  • 预约/预借图书
  • 作者相关作品
  • 分类相关作品
  • 丛书相关作品
  • 出版社相关作品

书目信息

  • 表格格式
  • 工作单格式
  • 卡片格式
题名:
汉书故事选
    
 
作者: 钟岱 , 肖丹 编著
分册:  
出版信息: 北京   学苑出版社  1991.7
页数: 202页
开本: 19cm
丛书名: 二十五史故事丛编
单 册:
中图分类: K209 , I242
科图分类:
主题词: 历史故事--中国--现代--选集 , 历史故事 , 小说--中国
电子资源:
ISBN: 7-5077-0048-8
000 00945oam2 2200313 450
001 1569771004
005 20151111141058.84
010    @a7-5077-0048-8@dCNY3.20
100    @a19920513d1991 am y0chiy0110 ea
101 0  @achi
102    @aCN@b110000
105    @ay z 000zd
200 1  @a汉书故事选@9han shu gu shi xuan@f钟 岱,肖 丹编著
210    @a北京@c学苑出版社@d1991.7
215    @a202页@d19cm
225 2  @a二十五史故事丛编@f张巨才,柳弓田主编
330    @a本书讲述了西汉著名人物奋斗的业绩,再现当时人们奋斗的场面和遭遇。将西汉230年的历史,分五个阶段作一简述。
461  0 @12001 @a二十五史故事丛编
605    @a汉书@x通俗读物
605    @2CT@3S904740@a汉书
606 0  @a历史故事@y中国@z现代@x选集
606 0  @a历史故事
606 0  @a小说@x中国
690    @aK209@v三版
690    @aI242@v4
701  0 @a钟岱@9zhong dai@4编著
701  0 @a肖丹@9xiao dan@4编著
801  0 @aCN@bTSSF@c20150122
905    @aZUCC@dI242@eJY3
    
    汉书故事选/钟 岱,肖 丹编著.-北京:学苑出版社,1991.7
    202页;19cm.-(二十五史故事丛编/张巨才,柳弓田主编)
    
    
    ISBN 7-5077-0048-8:CNY3.20
    本书讲述了西汉著名人物奋斗的业绩,再现当时人们奋斗的场面和遭遇。将西汉230年的历史,分五个阶段作一简述。
●
相关链接 在E读中查询图书 在五车中查询图书 在当当中查询图书 在豆瓣中查询图书


正题名:汉书故事选     索取号:I242/JY3         预约/预借

序号 登录号 条形码 馆藏地/架位号 状态 备注
1 7839397   278393971   学院路分馆/ [索取号:I242/JY3] 在馆    
2 7839398   278393980   学院路分馆/ [索取号:I242/JY3] 在馆    
唐山师范学院图书馆 欢迎您!
大连网信软件有限公司© 版权所有